Club de los 27 - Estadísticas

Estadísticas generales
  • Esta prueba ha sido intentada 16 veces
  • La puntuación promedio es 3 de 6
Estadísticas de respuestas
Respuesta % Correcto
Kurt Cobain
100%
Amy Winehouse
86%
Jimi Hendrix
64%
Jim Morrison
36%
Janis Joplin
21%
Brian Jones
7%
No se encontraron pruebas coincidentes
Distribución de puntuación
Porcentaje de gente con cada puntuación
Porcentaje por número respondido
Historial de tus puntuaciones
No has intentado esta prueba.